Radiographic imaging & exposure / (Record no. 277675)
[ view plain ]
| 000 -LEADER | |
|---|---|
| fixed length control field | 01089cam a22002778a 4500 |
| 001 - CONTROL NUMBER | |
| control field | MEB027490 |
| 005 - DATE AND TIME OF LATEST TRANSACTION | |
| control field | 20150126151514.0 |
| 008 - FIXED-LENGTH DATA ELEMENTS--GENERAL INFORMATION | |
| fixed length control field | 110927s2013 mou 001 0 eng |
| 010 ## - LIBRARY OF CONGRESS CONTROL NUMBER | |
| LC control number | 2011040614 |
| 020 ## - INTERNATIONAL STANDARD BOOK NUMBER | |
| International Standard Book Number | 9780323083225 |
| 050 14 - LIBRARY OF CONGRESS CALL NUMBER | |
| Classification number | RC 78 |
| Item number | .F27 2013 |
| 100 1# - MAIN ENTRY--PERSONAL NAME | |
| Personal name | Fauber, Terri L. |
| 245 10 - TITLE STATEMENT | |
| Title | Radiographic imaging & exposure / |
| Statement of responsibility, etc | Terri L. Fauber. |
| 250 ## - EDITION STATEMENT | |
| Edition statement | 4th ed. |
| 260 ## - PUBLICATION, DISTRIBUTION, ETC. (IMPRINT) | |
| Place of publication, distribution, etc | St. Louis, Mo. : |
| Name of publisher, distributor, etc | Elsevier Mosby, |
| Date of publication, distribution, etc | c2013. |
| 263 ## - PROJECTED PUBLICATION DATE | |
| Projected publication date | 1202. |
| 300 ## - PHYSICAL DESCRIPTION | |
| Extent | ix, 341 pages : |
| Other physical details | illustrations ; |
| Dimensions | 24 cm. |
| 500 ## - GENERAL NOTE | |
| General note | Includes index. |
| 505 0# - FORMATTED CONTENTS NOTE | |
| Formatted contents note | Radiation and its discovery -- The X-ray beam -- Image formation and radiographic quality -- Exposure technique factors -- Scatter control -- Image receptors and image acquisition -- Image processing and display -- Exposure technique selection -- Image evaluation -- Dynamic imaging : fluoroscopy. |
| 521 ## - TARGET AUDIENCE NOTE | |
| Target audience note | Radiologist |
| 650 #0 - SUBJECT ADDED ENTRY--TOPICAL TERM | |
| Topical term or geographic name as entry element | Radiography, Medical |
| General subdivision | Exposure. |
| 650 #0 - SUBJECT ADDED ENTRY--TOPICAL TERM | |
| Topical term or geographic name as entry element | Radiography, Medical |
| General subdivision | Image quality. |
| 650 1# - SUBJECT ADDED ENTRY--TOPICAL TERM | |
| Topical term or geographic name as entry element | Radiography. |
| 650 ## - SUBJECT ADDED ENTRY--TOPICAL TERM | |
| Topical term or geographic name as entry element | Radiographic Image Enhancement. |
| 942 ## - ADDED ENTRY ELEMENTS (KOHA) | |
| Source of classification or shelving scheme | Library of Congress Classification |
| Koha item type | Books |
| Withdrawn status | Lost status | Damaged status | Home library | Current library | Shelving location | Date acquired | Cost, normal purchase price | Total Checkouts | Full call number | Barcode | Date last seen | Price effective from | Koha item type | Source of classification or shelving scheme | Source of acquisition | Sub Shelving location | Total Renewals | Date checked out |
|---|---|---|---|---|---|---|---|---|---|---|---|---|---|---|---|---|---|---|
| South SEED-LPDH College Library | College Library | South SEED-LPDH College Section | 01/26/2015 | 3 | RC 78 .F27 2013 | SSLC1409 | 05/15/2018 | 01/26/2015 | Books | Library of Congress Classification | Library Fund | 19 | 03/03/2017 | |||||
| South SEED-LPDH College Library | South SEED-LPDH College Library | South SEED-LPDH College Section | 05/30/2014 | 5393.00 | RC 78 .F27 2013 | SSLC1330 | 05/15/2018 | 05/30/2014 | Books | |||||||||
| South SEED-LPDH College Library | South SEED-LPDH College Library | South SEED-LPDH College Section | 01/26/2015 | RC 78 .F27 2013 | SSLC1405 | 05/15/2018 | 01/26/2015 | Books | Library of Congress Classification | Library Fund | ||||||||
| South SEED-LPDH College Library | South SEED-LPDH College Library | South SEED-LPDH College Section | 01/26/2015 | RC 78 .F27 2013 | SSLC1406 | 05/15/2018 | 01/26/2015 | Books | Library of Congress Classification | Library Fund | ||||||||
| South SEED-LPDH College Library | South SEED-LPDH College Library | South SEED-LPDH College Section | 01/26/2015 | RC 78 .F27 2013 | SSLC1407 | 05/15/2018 | 01/26/2015 | Books | Library of Congress Classification | Library Fund | ||||||||
| South SEED-LPDH College Library | South SEED-LPDH College Library | South SEED-LPDH College Section | 01/26/2015 | RC 78 .F27 2013 | SSLC1408 | 05/15/2018 | 01/26/2015 | Books | Library of Congress Classification | Library Fund |